Statistics for Biggest country on every letter

Click here to take the quiz!

General Stats

  • This quiz has been taken 44 times
  • The average score is 18 of 26

Answer Stats

HintAnswer% Correct
BBrazil
95%
CCanada
95%
RRussia
90%
OOman
87%
AAustralia
85%
FFrance
85%
QQatar
85%
IIndia
82%
UUSA
82%
JJapan
79%
GGermany
77%
YYemen
74%
ZZambia
74%
EEthiopia
72%
HHonduras
72%
VVenezuela
69%
DDominican Republic
64%
MMexico
59%
LLibya
56%
PPeru
56%
NNiger
54%
KKazakhstan
49%
TTanzania
46%
XNone
44%
WNone
38%
SSaudi Arabia
28%

Score Distribution

Percentile by Number Answered

Percent of People with Each Score

Your Score History

You have not taken this quiz